000 00413nam a2200157Ia 4500
001 55931
008 080101n ii |||gr||||Z||||||465
082 _a294.5923
100 _aDas,
_eM.N.,
245 0 _aMahabharata (Vol-11)
_cTranslated by-M.N.Das
_hTextual Documents
260 _aDelhi:
_bParimal Publications.
300 _a476+89p:
_c24cm.
653 _aReligion
653 _aDept-Sanskrit
942 _2ddc
_cBK
999 _c55855
_d55855